| Tag |
First Indicator |
Second Indicator |
Subfields |
| LEADER |
00000cam a2200000Ii 4500 |
| 001 |
in00000064362 |
| 005 |
20151008051804.0 |
| 008 |
780930s1941 gw abf b 001 0 ger d |
| 035 |
|
|
|a (OCoLC)ocm01904362
|
| 035 |
|
|
|a (OCoLC)1904362
|
| 040 |
|
|
|a AZU
|c AZU
|d OCLCQ
|d OCLCG
|d DEBBG
|d OCLCA
|d TXA
|d UtOrBLW
|
| 043 |
|
|
|a e-gx---
|a e-pl---
|
| 049 |
|
|
|a TXAM
|
| 050 |
|
4 |
|a HD1516.G3
|b M46 1941
|
| 084 |
|
|
|a h 37.8
|2 ifzs
|
| 084 |
|
|
|a h 66.5
|2 ifzs
|
| 084 |
|
|
|a m 80
|2 ifzs
|
| 084 |
|
|
|a q 462
|2 ifzs
|
| 100 |
1 |
|
|a Meyer, Konrad,
|d 1901-1973.
|
| 245 |
1 |
0 |
|a Landvolk im werden :
|b material zum ländlichen Aufbau in den neuen Ostgebieten und zur Gestaltung des dörflichen Lebens /
|c in Gemeinschaft mit Georg Blohm [and others] ; von Konrad Meyer.
|
| 264 |
|
1 |
|a Berlin :
|b Deutsche Landbuchhandlung,
|c 1941.
|
| 300 |
|
|
|a 375 pages, 4 unnumbered leaves of plates :
|b illustrations, maps ;
|c 25 cm.
|
| 336 |
|
|
|a text
|b txt
|2 rdacontent
|
| 337 |
|
|
|a unmediated
|b n
|2 rdamedia
|
| 338 |
|
|
|a volume
|b nc
|2 rdacarrier
|
| 504 |
|
|
|a Includes bibliographical references.
|
| 650 |
|
0 |
|a Agricultural colonies
|z Germany.
|
| 650 |
|
0 |
|a Agricultural colonies
|z Poland.
|
| 650 |
0 |
7 |
|a Landleben.
|2 swd
|
| 650 |
0 |
7 |
|a Rassentheorie.
|2 swd
|
| 651 |
|
7 |
|a Deutschland.
|2 swd
|
| 700 |
1 |
|
|a Blohm, Georg,
|d 1896-1982.
|
| 948 |
|
|
|a cataloged
|b h
|c 2012/7/3
|d c
|e jolivare
|f 4:13:18 pm
|
| 994 |
|
|
|a C0
|b TXA
|
| 999 |
|
|
|a MARS
|
| 999 |
f |
f |
|s 9a51c3fb-b153-3533-85db-99f21e2d8cfe
|i 2c364efa-eaa7-3542-9860-a4efddec049c
|t 0
|
| 952 |
f |
f |
|p ric
|a Texas A&M University
|b Rellis Campus
|c Joint Library Facility
|s JLF
|d Remote Storage
|t 0
|e HD1516.G3 M46 1941
|h Library of Congress classification
|i unmediated -- volume
|m A14841396108
|
| 998 |
f |
f |
|a HD1516.G3 M46 1941
|t 0
|l Remote Storage
|